000 00632nam a22002057a 4500
005 20100821142350.0
010 _aENG-101241
020 _c180.00
035 _aEN-84774
037 _bDBAD/PUB
082 _a921
100 _aKasbekar, Sridhar
_917017
245 _aMy mother (mazi maay) :
_ba biography /
_cby Shridhar Kasbekar
260 _aPune
_bVijayraj Publication
_c2010
270 _bPune
300 _a176p.
_c22cm (pbk)
_ephotos
650 _aBiography
_917018
942 _2ddc
_cBN
_h921
_mKAS
999 _c42901
_d42901